000 01507nam0a22003491 4500
001 RU\NLR\INFOCOMM_161\5000089349
005 20260407073430.0
010 _a2-7022-0218-7
035 _a(NLR Aleph) 009316851
090 _a9371646
_c9371646
100 _a20101202d1988 |||y0rusy50 ca
101 1 _afre
_crus
102 _aFR
_aRU
105 _aa ||||000|y
200 1 _aPaul Gauguin
_eMusée de l'Ermitage, Musée des beaux-arts Pouchkine
_e[Un album
_fIntrod. Assia Kantor-Goukovskaïa
_gComment. Anna Barskaïa, Marina Bessonova
_gTrad. du russe par Marie-Thérèse Schmitt]
210 _aParis
_aL.
_cCercle d'art
_cAurora
_d1988
215 _a187 с.
_cил., цв. ил., факс.
_d35 см
300 _aВ вып. дан.: Поль Гоген в музеях Советского Союза: Альбом
320 _aБиблиогр.: с. 186-187
600 1 _aГоген
_bП.
_f1848-1903
_gПоль
_jАльбомы
_2nlr_sh1
686 _aЩ143(4Фр)5-8Гоген
_2rubbk
686 _aЩ101.3(2)
_2rubbk
700 1 _4070
_7ba
_8fre
_aGauguin
_bP.
_f1848-1903
_gPaul
_3RU\NLR\AUTH\770277679
_92649646
702 1 _4220
_7ba
_8rus
_aKantor-Gukovskaja
_bA. S.
_gAsja Solomonovna
_3RU\NLR\AUTH\770282452
_92671586
702 1 _aBarskaja
_bA. G.
_f1909-1984
_gAnna Grigor'evna
_4000
712 0 2 _4570
_8eng
_aHermitage
_cLeningrad
_7ba
_3RU\NLR\AUTH\883327
_9277887
801 1 _aRU
_bNLR
_c20101202
801 0 _aRU
_bNLR
_gPSBO
852 _aNLR
_jЭ АлИс590/2-Г581
942 _cBOOK
980 _aNB